000
00328nam a2200145Ia 4500
008
150201s2012 xx 000 0 und d
082
_a
610.7
_b
C12G
100
_a
GUSAIN, SHOBHA
245
_a
CARING FOR ELDERLY
250
_a
1ST
260
_b
KUMAR PUB.
_a
DELHI
_c
2012
300
_a
123
650
_a
NURSING
942
_2
ddc
_c
BK
999
_c
2290
_d
2290